000 00249nam a22001097a 4500
082 _a808.3 STE'T
100 _aSTERENSON, ROBERT LOUIS
_957787
245 _aTREASURE ISLAND
260 _aLONDON
_bBLACKIE & SONS
_c1969
300 _a224P
942 _cBK
999 _c568041
_d568041